LEADER 01028nam 2200337Ia 450 001 996385136203316 005 20200824132553.0 035 $a(CKB)4940000000075221 035 $a(EEBO)2264197546 035 $a(OCoLC)ocm12131362e 035 $a(OCoLC)12131362 035 $a(EXLCZ)994940000000075221 100 $a19850607d1662 uy | 101 0 $aeng 135 $aurbn||||a|bb| 200 14$aThe fixed saint$b[electronic resource] $eheld forth in a farwell sermon preached at Mary-Aldermanbury, London, August 17, 1662 /$fMr. Edmond Calamy 210 $aLondon $c[s.n.]$d1662 215 $a[4], 18 p 300 $aReproduction of original in Union Theological Seminary Library, New York. 330 $aeebo-0160 606 $aFarewell sermons 615 0$aFarewell sermons. 700 $aCalamy$b Edmund$f1600-1666.$01002065 801 0$bEAA 801 1$bEAA 801 2$bm/c 801 2$bWaOLN 906 $aBOOK 912 $a996385136203316 996 $aThe fixed saint$92395394 997 $aUNISA LEADER 01255nas 2200433- 450 001 9910130632103321 005 20210920213022.0 011 $a2318-9312 035 $a(OCoLC)952999556 035 $a(CKB)110978978189530 035 $a(CONSER)--2017268652 035 $a(EXLCZ)99110978978189530 100 $a19981016a19929999 --- a 101 0 $apor 135 $aur|n||||||||| 181 $ctxt$2rdacontent 182 $cc$2rdamedia 183 $acr$2rdacarrier 200 00$aInfarma 210 1$aBrasília :$cConselho Federal de Farmácia,$d1992- 215 $a1 online resource 300 $aRefereed/Peer-reviewed 311 08$a0104-0219 517 1 $aCiências farmacêuticas 531 1 $aInfarma 606 $aPharmacy$xResearch$vPeriodicals 606 $aDrugs$xResearch$vPeriodicals 606 $aDrugs$xResearch$2fast$3(OCoLC)fst00898894 606 $aPharmacy$xResearch$2fast$3(OCoLC)fst01060314 608 $aPeriodicals.$2fast 615 0$aPharmacy$xResearch 615 0$aDrugs$xResearch 615 7$aDrugs$xResearch. 615 7$aPharmacy$xResearch. 712 02$aConselho Federal de Farmácia (Brazil), 906 $aJOURNAL 912 $a9910130632103321 996 $aInfarma$92578211 997 $aUNINA